All Fifa member countries by Fifa Rankings in order - Statistics

General Stats
  • This quiz has been taken 214 times
    136 since last reset
  • The average score is 80 of 211
Answer Stats
# Association Answer % Correct
3 CONMEBOL Argentina
97%
6 CONMEBOL Brazil
97%
4 UEFA England
95%
1 UEFA France
95%
5 UEFA Portugal
95%
2 UEFA Spain
95%
7 UEFA Netherlands
92%
9 UEFA Belgium
89%
10 UEFA Germany
89%
8 CAF Morocco
89%
13 CONMEBOL Colombia
86%
12 UEFA Italy
86%
15 CONCACAF Mexico
86%
17 CONMEBOL Uruguay
86%
16 CONCACAF USA
86%
30 CONCACAF Canada
84%
23 CONMEBOL Ecuador
84%
24 UEFA Austria
81%
11 UEFA Croatia
81%
20 UEFA Denmark
81%
21 AFC IR Iran
81%
18 AFC Japan
81%
25 AFC Korea Republic
81%
33 CONCACAF Panama
81%
19 UEFA Switzerland
81%
37 UEFA Wales
81%
27 AFC Australia
78%
35 UEFA Poland
78%
14 CAF Senegal
78%
22 UEFA Türkiye
78%
32 UEFA Ukraine
78%
28 CAF Algeria
76%
29 CAF Egypt
76%
31 UEFA Norway
76%
42 UEFA Hungary
73%
40 CONMEBOL Paraguay
73%
39 UEFA Serbia
73%
34 CAF Côte d'Ivoire
70%
53 CONMEBOL Peru
70%
36 UEFA Russia
70%
43 UEFA Scotland
70%
48 UEFA Slovakia
70%
49 CONMEBOL Venezuela
70%
54 CONMEBOL Chile
68%
26 CAF Nigeria
68%
38 UEFA Sweden
68%
51 CONCACAF Costa Rica
65%
41 UEFA Czechia
65%
47 UEFA Greece
65%
55 AFC Qatar
65%
59 UEFA Republic of Ireland
65%
44 CAF Tunisia
65%
76 CONMEBOL Bolivia
62%
66 CONCACAF Honduras
62%
58 UEFA Slovenia
62%
45 CAF Cameroon
59%
73 UEFA Finland
59%
72 UEFA Georgia
59%
75 UEFA Iceland
59%
71 CONCACAF Jamaica
59%
56 UEFA Romania
59%
64 UEFA Albania
57%
52 CAF Mali
57%
67 UEFA North Macedonia
57%
61 AFC Saudi Arabia
57%
65 UEFA Bosnia and Herzegovina
54%
57 AFC Iraq
54%
77 UEFA Israel
54%
70 UEFA Northern Ireland
54%
211 UEFA San Marino
54%
60 CAF South Africa
54%
74 CAF Ghana
51%
83 CONCACAF Haiti
51%
86 UEFA Bulgaria
49%
46 CAF Congo DR
49%
82 CONCACAF Curaçao
49%
206 UEFA Liechtenstein
49%
78 UEFA Kosovo
46%
98 UEFA Luxembourg
46%
81 UEFA Montenegro
46%
68 AFC United Arab Emirates
46%
50 AFC Uzbekistan
46%
203 UEFA Gibraltar
43%
63 AFC Jordan
43%
85 OFC New Zealand
43%
106 UEFA Armenia
41%
69 CAF Cabo Verde
41%
126 UEFA Cyprus
41%
129 UEFA Estonia
41%
87 CAF Gabon
41%
161 UEFA Malta
41%
124 UEFA Azerbaijan
38%
62 CAF Burkina Faso
38%
100 CONCACAF El Salvador
38%
110 UEFA Kazakhstan
38%
159 UEFA Moldova
38%
79 AFC Oman
38%
173 UEFA Andorra
35%
97 UEFA Belarus
35%
123 UEFA Faroe Islands
35%
137 UEFA Latvia
35%
148 UEFA Lithuania
35%
89 CAF Angola
32%
90 CAF Benin
32%
96 CONCACAF Guatemala
32%
102 CONCACAF Trinidad and Tobago
32%
94 AFC China PR
30%
84 AFC Syria
30%
92 CAF Zambia
30%
210 CONCACAF Anguilla
27%
80 CAF Guinea
27%
91 AFC Bahrain
24%
105 CAF Equatorial Guinea
24%
184 CAF Eritrea
24%
131 CONCACAF Nicaragua
24%
207 CONCACAF Bahamas
22%
143 CONCACAF Dominican Republic
22%
125 CONCACAF Suriname
22%
157 OFC Tahiti
22%
88 CAF Uganda
22%
209 CONCACAF US Virgin Islands
22%
208 CONCACAF British Virgin Islands
19%
151 OFC New Caledonia
19%
114 CAF Niger
19%
95 AFC Palestine
19%
93 AFC Thailand
19%
99 AFC Vietnam
19%
180 CONCACAF Belize
16%
164 CONCACAF Cuba
16%
154 OFC Fiji
16%
150 CONCACAF Guyana
16%
122 AFC Indonesia
16%
107 AFC Kyrgyz Republic
16%
115 CAF Mauritania
16%
175 CONCACAF Montserrat
16%
168 OFC Papua New Guinea
16%
117 CAF Sudan
16%
121 CAF Togo
16%
199 OFC Tonga
16%
205 CONCACAF Turks and Caicos Islands
16%
162 CONCACAF Antigua and Barbuda
14%
189 CONCACAF Aruba
14%
182 CONCACAF Dominica
14%
163 CONCACAF Grenada
14%
111 CAF Kenya
14%
118 AFC Korea DPR
14%
108 AFC Lebanon
14%
112 CAF Libya
14%
104 CAF Madagascar
14%
138 AFC Malaysia
14%
101 CAF Mozambique
14%
120 CAF Namibia
14%
190 OFC Samoa
14%
204 CAF Seychelles
14%
153 OFC Solomon Islands
14%
152 CONCACAF St Kitts and Nevis
14%
167 CONCACAF St Lucia
14%
171 CONCACAF St Vincent and the Grenadines
14%
103 AFC Tajikistan
14%
113 CAF Tanzania
14%
160 OFC Vanuatu
14%
192 OFC American Samoa
11%
179 CONCACAF Barbados
11%
166 CONCACAF Bermuda
11%
195 CONCACAF Cayman Islands
11%
109 CAF Comoros
11%
188 OFC Cook Islands
11%
156 CONCACAF Puerto Rico
11%
128 CAF Rwanda
11%
119 CAF Sierra Leone
11%
198 CAF Somalia
11%
130 CAF Zimbabwe
11%
181 AFC Bangladesh
8%
186 AFC Bhutan
8%
133 CAF Congo
8%
201 AFC Guam
8%
132 CAF Guinea-Bissau
8%
136 AFC India
8%
134 AFC Kuwait
8%
185 AFC Laos
8%
187 AFC Mongolia
8%
202 AFC Pakistan
8%
116 CAF The Gambia
8%
200 AFC Timor-Leste
8%
169 AFC Afghanistan
5%
146 CAF Botswana
5%
193 AFC Brunei Darussalam
5%
142 CAF Burundi
5%
197 CAF Djibouti
5%
144 CAF Ethiopia
5%
155 AFC Hong Kong, China
5%
194 AFC Macau
5%
127 CAF Malawi
5%
158 AFC Myanmar
5%
176 AFC Nepal
5%
135 AFC Philippines
5%
196 CAF São Tomé and Príncipe
5%
147 AFC Singapore
5%
191 AFC Sri Lanka
5%
141 AFC Turkmenistan
5%
149 AFC Yemen
5%
177 AFC Cambodia
3%
139 CAF Central African Republic
3%
183 CAF Chad
3%
174 AFC Chinese Taipei
3%
145 CAF Lesotho
3%
140 CAF Liberia
3%
172 AFC Maldives
3%
178 CAF Mauritius
3%
170 CAF South Sudan
3%
165 CAF Eswatini
0%
No matching quizzes found
Score Distribution
Percent of People with Each Score
Percentile by Number Answered
Your Score History
You have not taken this quiz since the last reset